|
|
|
|
| LEADER |
00733cam a2200217 7i4500 |
| 001 |
0000036958 |
| 005 |
20221017090000.0 |
| 008 |
220915t2022 eng |
| 020 |
# |
# |
|a 9781264268146
|
| 040 |
# |
# |
|a MATR
|
| 090 |
0 |
0 |
|a B 658.8
|b ROS
|
| 100 |
1 |
# |
|a Rosenblum, Jeff
|e author
|
| 245 |
1 |
0 |
|a EXPONENTIAL :
|b Transform Your Brand by Empowering Instead of Interrupting
|c Jeff Rosenblum.
|
| 264 |
# |
1 |
|a New York:
|b McGraw Hill,
|c 2022.
|
| 300 |
# |
# |
|a 226 pages:
|b illustrations;
|c 24 cm.
|
| 336 |
# |
# |
|a text
|2 rdacontent
|
| 337 |
# |
# |
|a unmediated
|2 rdamedia
|
| 338 |
# |
# |
|a volume
|2 rdacarrier
|
| 650 |
# |
0 |
|a Advertising --
|x Brand name products
|
| 650 |
# |
0 |
|a Branding (Marketing)
|
| 999 |
|
|
|a B000041936
|b Book
|c Book
|e Business Information Centre
|